Renting a property (Record no. 121555)
[ view plain ]
| 000 -LEADER | |
|---|---|
| fixed length control field | 00916nam a22002177a 4500 |
| 008 - FIXED-LENGTH DATA ELEMENTS--GENERAL INFORMATION | |
| fixed length control field | 230622s2021 xxk|||||o|||| 00| 0 eng d |
| 041 ## - LANGUAGE CODE | |
| Language code of text/sound track or separate title | eng |
| 110 ## - MAIN ENTRY--CORPORATE NAME | |
| Corporate author | Royal Institution of Chartered Surveyors |
| 245 ## - TITLE STATEMENT | |
| Title | Renting a property |
| Subtitle | a clear, impartial guide |
| Medium | [Electronic resource] |
| 260 ## - PUBLICATION INFORMATION | |
| Place of publication | London, |
| Publisher | Royal Institution of Chartered Surveyors, |
| Date | 2019 |
| 300 ## - PHYSICAL DESCRIPTION | |
| Physical description | 14p. |
| 490 ## - SERIES TITLE | |
| Series statement | RICS Consumer Guide |
| 520 ## - ABSTRACT | |
| Abstract | About finding the right property to rent, dealing with an agent, tenancy agreements and a tenant's checklist. For use in England, Wales and Northern Ireland<br/> |
| 651 ## - SUBJECT ADDED ENTRY--GEOGRAPHIC NAME | |
| Geographic name | England |
| 651 ## - SUBJECT ADDED ENTRY--GEOGRAPHIC NAME | |
| Geographic name | Northern Ireland |
| 651 ## - SUBJECT ADDED ENTRY--GEOGRAPHIC NAME | |
| Geographic name | Wales |
| 690 ## - BROAD SUBJECT | |
| 9 (RLIN) | 6252 |
| Broad subject | Landlord and tenant |
| 710 ## - ADDED CORPORATE NAME | |
| Added corporate author | Royal Institution of Chartered Surveyors |
| 856 ## - ONLINE RESOURCE | |
| Uniform Resource Identifier | <a href="https://www.ricsfirms.com/media/1192/rics-consumer-guide-renting-property.pdf">https://www.ricsfirms.com/media/1192/rics-consumer-guide-renting-property.pdf</a> |
| Public note | Available on rics.org/consumerguides |
| 942 ## - ADDED ENTRY ELEMENTS (KOHA) | |
| Suppress in OPAC | Do not suppress in OPAC |
| Lost status | Damaged status | Not for loan | Home library | Current library | Shelving location | Date acquired | Total Checkouts | Date last seen | Price effective from | Koha item type |
|---|---|---|---|---|---|---|---|---|---|---|
| Virtual | Virtual | Online | 23/06/2023 | 23/06/2023 | 23/06/2023 | Online material |